000 00304nam a2200157Ia 4500
008 210310s9999 xx 000 0 und d
020 _a0
100 _a#N/A
_918116
245 0 _a#N/A
260 _c#N/A
300 _b : ,
440 _a0
_924440
500 _a0
505 _a0
650 _a0
_924441
999 _c11045
_d11045